MDQL
is popping MORE tags! Check the
thread
!
Quizzes
Events
Quiz Creation
Community
Videos
Private Events
Remove Ads
Sign In
Join for FREE
Feedback
Dark Mode
Quiz Categories
Sports
Geography
Music
Movies
Television
Just For Fun
Miscellaneous
History
Literature
Language
Science
Gaming
Entertainment
Religion
Holiday
For Kids
Quiz Lab
Recent
Popular Today
Quiz Kudos Today
Editor Picks
Curator Picks
Quizzes by...
Day
Popularity
Type
Ratings
Length
Year
Community
Subscriptions
Recent Discussions
Orange Saloon
Badges
Playlists
Quests
Create
Leaderboards
Showdown
Live 5
Trivia Bingo
Activity
Puzzle Library
Sporcle Events
Private Events
Virtual Trivia
Globe League
Become a Host
Pub Owners
SporcleCon
Opinionation
Our Games
Videos
Blog
Mobile Apps
Partnerships
Remove Ads and Go Orange
Feedback
History
US Presidents
World Leaders
Politics
Nation
Discovery
War
Decade
Year
Century
Biography
Art
History
US Presidents
World Leaders
Politics
Nation
Discovery
War
Decade
Year
Century
Biography
Art
Random Quiz
Search Sporcle
×
Quiz Lab
Quiz Lab
History
pre
Type in answers that appear in a list
Type in answers that appear in a list
Classic
Best Score? Go Orange.
Bretwaldas of Britain Stats
Can you name the Bretwaldas of Britian?
By
JamesSnell
13m
12 Questions
70 Plays
70 Plays
70 Plays
Comments
Comments
Give Quiz Kudos
Give Quiz Kudos
-
- Ratings
hide this ad
Replay
Link that replays current quiz
Next Quiz
Link to next quiz in quiz playlist
You Got
0%
They Got
Avg Score
38%
Avg Friend Score
Upgrade to see
Score Distribution
Jump to the score distribution portion of the page
Score
0/12
Timer
13:00
0
Plays Today
These are the Pre- Viking kings
King
% Correct
of Wessex
Alfred the Great
84.3%
of Mercia
Offa
65.7%
of Wessex
Edward the Elder
47.1%
of Northumberland
Oswald
40%
of Wessex
Egbert
38.6%
of Sussex
Aelle
37.1%
of East Anglia
Raedwald
34.3%
of Deira
Edwin
31.4%
of Wessex
Ceawlin
22.9%
of Northumberland
Oswy
22.9%
of Kent
Aethelberht
21.4%
of Mercia
Aethalbald
15.7%
Quiz Playlist
Details
Report
Send in Message
Add To Playlist
Classic:
Type in answers that appear in a list
Last Updated: Feb 16, 2017
Quiz Scoreboard
CHALLENGE
Sign Up to Join the Scoreboard
Show All
Scores
Hide
Comments
May contain spoilers
Recently Published
5x2 Blitz: Bands
by SL_Kpop136
Music
30s
Colored Red Africa Blitz
by spor1
Geography
30s
Find the 'City' Movie
by crazypaving
Movies
60s
More to Explore
Quiz From the Vault
Featured Blog Post
14 Easter Pick-up Lines to Find Eggs With
hide this ad
You Might Also Like...
Tags
britain
King
pre
Reigning
Viking
Today's Top Quizzes in History
Browse History
hide this ad
Today's Top Quizzes in pre
Browse pre
Top Contributed Quizzes in History
1
Popular People in 1991
2
US National Parks Named After People
3
Popular People in 1981
4
Popular People in 1951
5
Popular People in 1941
6
Complete a popular quote - Maya Angelou
7
Order Up: 1000 Years of World Events I
8
Popular People in 1986
9
Popular People in 1936
10
Popular People in 1926
Explore More
Trending Topics
Anime
NBA
Crossword
Harry Potter
Disney
Marvel
Kpop
The Office
NFL
WWE
Song
Pokémon
Country
Puzzle
Soccer
hide this ad
More By:
JamesSnell
Quiz
Plays
Rating
Category
Featured
Created
25th December Quiz
1,926
4.42
History
Dec 20, 2011
The Five Good Roman Emperors
1,238
4.61
History
Feb 9, 2011
Roman Emperor Trivia
860
4.78
History
Aug 25, 2011
World's Largest Empires of the Modern Era
753
2.29
History
Jan 13, 2011
Ancient Roman Trivia Quiz
618
5.00
History
Feb 7, 2011
Go to Creator's Profile
Score Distribution
Quiz Creator Spotlight
JamesSnell
Follow
Send a Message
Quizzes Created
-
Created Quiz Play Count
-
More By This Creator
Popular Quizzes Today
1
Find the 'City' Movie
2
5x2 Blitz: Bands
3
Colored Red Africa Blitz
4
Find the US States - No Outlines Minefield
5
The Countries of the World
6
Find the US States
7
9x9 Crossword: Cartoon Network
8
US States
More History Quizzes
On This Day: March 6th II
Published
Trending Quizzes
Colored Red Europe Blitz I
Colored Red Africa Blitz II
Colored Red Europe Blitz III
Colored Red Europe Blitz II
Colored Red Africa Blitz III
Recently Updated
Champions League XIs: Real Madrid
pecheneg
Largest US Cities 1790-2010
pecheneg
Rides in Walt Disney World
pecheneg
Most Oscar Losses (Acting)
pecheneg
Beyoncé Albums
pecheneg
Leaping Animals
pecheneg
Reality TV Shows (A-Z)
bhenderson79
Rickey Henderson's Hall of Fame Teammates
pecheneg
Champions League XIs: Arsenal
pecheneg
Quick Pick: Celebrities in WWE's Hall of Fame
aduchscher
Trending Topics
Harry Potter
Crossword
Anime
NBA
Marvel
Disney
Kpop
NFL
Soccer
WWE
Pokémon
The Office
Puzzle
Song
Country
Your Account Isn't Verified!
In order to create a playlist on Sporcle, you need to verify the email address you used during registration. Go to your
Sporcle Settings
to finish the process.
Report this User
Report this user for behavior that violates our
Community Guidelines
.
Details:
Send Report
Go to the Sporcle.com Mobile Site →
Comments